LEADER 01170nam a2200253 i 4500 001 000000199520 003 CaOOAMICUS 005 20210713170613.0 008 110324n it u000 u ita u 013 $a178212 040 $aSeMil$bita 100 1 $aOltrona Visconti, Gian Domenico.$0(OLS)http://semarc/name/61503 245 13$aLa battaglia di Tornavento nelle fonti spagnole /$cGian Domenico Oltrona Visconti. 264 1$aGallarate :$bTipografia Ditta Domenico Ferrario,$c[1970] 300 $a38 p. :$bill. ;$c24 cm. 500 $aEstratto dalla "Rassegna Gallaratese di Storia e d'Arte" Anno 29., n. 109-110-111 n. 1-2-3, 1970. 650 4$aGuerra franco-spagnola <1635-1659>.$0(OLS)http://semarc/subject/50633 650 4$aBattaglia di Tornavento <1636>.$0(OLS)http://semarc/subject/37472 850 $aSeMil 852 $aSeMil$W1$xVenegono$y1$m5D VIII 18/9$j150073$B150073$CSeMilBibl$Z2$F161419 $81 961 $aOmaggio: Altro 996 $6245$aLa battaglia di Tornavento nelle fonti spagnole$9(OLS)http://semarc/title/288470 996 $6264$aGallarate :$bTipografia Ditta Domenico Ferrario$9(OLS)http://semarc/publisher/40768 LEADER 01414nam a2200289 i 4500 001 000000256658 003 CaOOAMICUS 005 20210716102117.0 008 171214s1868 it u000 u ita u 013 $a235566 040 $aSeMil$bita 100 1 $aMeaux, Camille .$0(OLS)http://semarc/name/81246 245 13$aLa rivoluzione e l'impero 1789-1815 :$bstudio politico /$cdel visconte Di Meaux. 264 1$aMilano :$bCorona e Caimi,$c1868. 300 $aXVII, 323 p. ;$c19 cm. 490 1 $aCollana di storie e memorie contemporanee ;$v38 650 4$aFrancia - Storia - Sec. 19.$0(OLS)http://semarc/subject/1090 650 4$aFrancia - Storia - Sec. 18.$0(OLS)http://semarc/subject/1089 650 4$aRivoluzione francese <1789-1799>.$0(OLS)http://semarc/subject/1257 773 0 $aCantù, Cesare <1804-1895>$tAlcuni italiani contemporanei.$dMilano : Corona e Caimi, 1868.$kCollana di storie e memorie contemporanee$g2$w()13372 830 0$aCollana di storie e memorie contemporanee ;$v38.$0(OLS)http://semarc/title/408459 850 $aSeMil 852 $aSeMil$W1$xVenegono$y1$m3T II 58 FA$j207004$B207004$CSeMilBibl$Z2$F220417 $8I 961 $aRecupero: Altro 996 $6245$aLa rivoluzione e l'impero 1789-1815 :$bstudio politico$9(OLS)http://semarc/title/412383 996 $6264$aMilano :$bCorona e Caimi$9(OLS)http://semarc/publisher/55638